| 000 | 00409nam a2200145 a 4500 | ||
|---|---|---|---|
| 001 | 000024119 | ||
| 005 | 20200930022732.0 | ||
| 008 | 110119s1964 dr 000 0 spa d | ||
| 040 |
_aDO-SdBNP _bspa _cBNPHU |
||
| 082 |
_axxx _bP123c |
||
| 100 | 1 |
_aPadilla B., Juan E. _949533 |
|
| 245 | 1 | 3 |
_aEl cuaderno nĂºmero 4 / _cJuan E. Padilla B. |
| 260 |
_aSanto Domingo : _bMontalvo, _c1964. |
||
| 300 |
_a142 p. ; _c17 cm. |
||
| 999 |
_c23613 _d23613 |
||